Tourismus in der Gesamtwirtschaft : Ergebnisse des 4. Wiesbadener Gesprachs am 28.-29. Marz 1990

Αποθηκεύτηκε σε:
Λεπτομέρειες βιβλιογραφικής εγγραφής
Συγγραφή απο Οργανισμό/Αρχή: Wiesbadener Gesprach
Μορφή: Βιβλίο
Γλώσσα:German
Δημοσίευση: Stuttgart : Kusterdingen : Metzler-Poeschel, Verlagsauslieferung, H. Leins, 1991
Σειρά:Schriftenreihe Forum der Bundesstatistik ; ; Bd. 17
Θέματα:
Ετικέτες: Προσθήκη ετικέτας
Δεν υπάρχουν, Καταχωρήστε ετικέτα πρώτοι!

MARC

LEADER 00000nam a2200000 i 4500
001 1/21207
008 930903s1991 ger d
020 |a 382460065X 
035 |l 10021676 
040 |a GR-MY-UA  |b gre  |e aacr 
041 0 |a ger 
082 0 |a 338.4791  |2 (20) 
110 1 |a Wiesbadener Gesprach. 
245 1 0 |a Tourismus in der Gesamtwirtschaft :  |b Ergebnisse des 4. Wiesbadener Gesprachs am 28.-29. Marz 1990 /  |c Herausgeber, Statistisches Bundesamt, Wiesbaden 
260 |a Stuttgart :   |a Kusterdingen :   |b Metzler-Poeschel,   |b Verlagsauslieferung, H. Leins,   |c 1991 
300 |a 157 p.;  |b ill.;  |c 24 cm 
490 1 |a Schriftenreihe Forum der Bundesstatistik  |v ; Bd. 17 
504 |a Includes bibliographical references 
650 0 0 |a Tourism  |x Congresses. 
830 0 |a Schriftenreihe Forum der Bundesstatistik ;  |v ; Bd. 17 
852 |a INST  |b CHIOS  |e 19930903  |h 338.4791 TOU  |p 005200003148  |q 005200003148  |t BK  |y 0 
909 |a Χ  |b 024033